| 000 | 00877cam a2200241 a 4500 | ||
|---|---|---|---|
| 001 | 000009184 | ||
| 005 | 20200929161519.0 | ||
| 008 | 900320s1984 sp b 000 f spa | ||
| 020 | _a842760677X | ||
| 040 |
_aDO-SdBNP _cDLC _dDLC |
||
| 082 |
_a863.5 _bM777e, 1984 |
||
| 100 | 1 |
_aMontengón, Pedro de, _d1745-1824. _915537 |
|
| 245 | 1 | 0 |
_aEusebio / _cPedro de Montengón ; edición, Fernando García Lara. |
| 260 |
_aMadrid : _bNacional, _cc1984. |
||
| 300 |
_a1110 p. ; _c18 cm. |
||
| 490 | 1 |
_aBiblioteca de la literatura y el pensamiento hispánicos _v61 |
|
| 504 | _aBibliografía: p. 71-73. | ||
| 650 | 4 |
_aNovela española _ySIGLO XIX _94936 |
|
| 650 | 4 |
_aLiteratura española _ySIGLO XIX _93067 |
|
| 700 | 1 |
_aGarcía Lara, Fernando., _eed. _915538 |
|
| 830 | 0 |
_aBiblioteca de la literatura y el pensamiento hispánicos ; _v61 _922407 |
|
| 910 | _aCatalogación por copia / LC | ||
| 999 |
_c8947 _d8947 |
||